000 003150000a22001090004500
090 _aAR
_b04492
245 1 0 _aAnts of North America
041 0 _aInglés
100 1 _aSteel Creighton, William
_998383
942 _cARTICULO
773 1 _tBulletin of the Museum of Comparative Zoology at Harvard College
_q1-568
_d1950
_g104
999 _c13591
_d13591